Tenant Services Authority (Record no. 120745)

MARC details
000 -LEADER
fixed length control field 00767cai a22001935a 4500
001 - CONTROL NUMBER
control field L146025
008 - FIXED-LENGTH DATA ELEMENTS--GENERAL INFORMATION
fixed length control field 081202u xxkado f 000 0 eng d
035 ## - SYSTEM CONTROL NUMBER
System control number (Sirsi) u146025
041 0# - LANGUAGE CODE
Language code of text/sound track or separate title eng
110 2# - MAIN ENTRY--CORPORATE NAME
Corporate name or jurisdiction name as entry element Tenant Services Authority
9 (RLIN) 5662
245 00 - TITLE STATEMENT
Title Tenant Services Authority
Medium [electronic resource]
520 ## - SUMMARY, ETC.
Summary, etc. Set up in December 2008, closed 31 March 2012. Regulatory role passed to Regulatory Commission of Housing and Communities Agency with effect from 31 March 2012.
590 ## - LOCAL NOTE (RLIN)
Local note KA
650 24 - SUBJECT ADDED ENTRY--TOPICAL TERM
Topical term or geographic name entry element HOUSING AND REGENERATION ACT 2008
651 #4 - SUBJECT ADDED ENTRY--GEOGRAPHIC NAME
Geographic name England and Wales
Chronological subdivision 1543-
690 ## - LOCAL SUBJECT ADDED ENTRY--TOPICAL TERM (OCLC, RLIN)
Topical term or geographic name as entry element Residential property
9 (RLIN) 6266
856 40 - ELECTRONIC LOCATION AND ACCESS
Uniform Resource Identifier <a href="https://www.tenantservicesauthority.org/">https://www.tenantservicesauthority.org/</a>
Public note View the website free of charge at www.tenantservicesauthority.org...
942 ## - ADDED ENTRY ELEMENTS (KOHA)
Suppress in OPAC 0
Holdings
Withdrawn status Lost status Source of classification or shelving scheme Damaged status Not for loan Home library Current library Shelving location Date acquired Total Checkouts Full call number Barcode Date last seen Copy number Price effective from Koha item type
    Dewey Decimal Classification     Virtual Virtual Online 02/12/2008   ONLINE PUBLICATION 146025-1001 06/08/2019 1 06/08/2019 Online material